Les 100 plus grandes villes de Belgique sur une carte - Statistiques

Statistiques générales
  • Ce quiz a été pris 12 769 fois
  • Le résultat moyen est 24 sur 100
Réponses sur la Carte
Les réponses sont colorées sur une échelle allant du rouge au vert en fonction du pourcentage des utilisateurs qui les ont devinées à leur premier essai. Vous pouvez retrouver ces pourcentages ci-dessous.
 
Statistiques - réponses
Pop. Villes % Correct
188 737 Bruxelles
99%
195 278 Liège
92%
530 630 Anvers
88%
118 509 Bruges
85%
202 421 Charleroi
80%
265 086 Gand
78%
112 559 Namur
78%
96 545 Mons
68%
71 557 Ostende
63%
102 236 Louvain
62%
31 363 Ottignies-Louvain-la-Neuve
61%
30 818 Arlon
57%
68 518 Tournai
52%
122 547 Anderlecht
51%
79 524 Hasselt
49%
37 600 Mol
48%
77 741 Courtrai
43%
67 009 Genk
43%
35 111 Wavre
43%
97 697 Molenbeek-Saint-Jean
42%
86 996 Malines
40%
130 690 Schaerbeek
35%
30 356 Waterloo
35%
80 992 La Louvière
34%
87 052 Ixelles
32%
32 875 Knokke-Heist
32%
59 179 Mouscron
32%
55 102 Verviers
32%
85 099 Uccle
31%
48 837 Saint-Gilles
30%
35 039 Ypres
27%
80 167 Saint-Nicolas
26%
29 085 Nivelles
25%
63 926 Seraing
25%
42 216 Woluwe-Saint-Pierre
25%
88 854 Alost
24%
29 630 Ath
24%
58 541 Woluwe-Saint-Lambert
24%
40 346 Braine-l'Alleud
23%
35 916 Zaventem
22%
40 845 Saint-Trond
20%
33 470 Binche
19%
48 535 Etterbeek
19%
41 284 Hal
19%
56 616 Forest
17%
52 751 Jette
17%
46 354 Vilvorde
17%
34 986 Auderghem
15%
38 948 Waregem
15%
43 608 Evere
14%
64 495 Roulers
14%
26 965 Saint-Josse-ten-Noode
14%
27 774 Tubize
14%
27 863 Andenne
13%
40 481 Herstal
13%
37 309 Lierre
13%
28 523 Soignies
13%
46 372 Turnhout
13%
42 703 Lokeren
12%
31 562 Tongres
12%
28 625 Ans
11%
34 396 Lommel
11%
35 973 Tirlemont
11%
49 531 Beveren
10%
44 095 Dilbeek
10%
39 626 Ninove
10%
28 254 Sambreville
10%
46 325 Termonde
10%
35 527 Châtelet
9%
44 315 Deinze
9%
41 146 Geel
9%
39 409 Maasmechelen
9%
26 702 Renaix
9%
31 866 Audenarde
8%
31 148 Courcelles
8%
38 539 Grimbergen
8%
30 594 Aerschot
7%
34 494 Asse
7%
34 328 Grammont
7%
35 486 Leeuw-Saint-Pierre
7%
43 594 Heist-sur-la-Montagne
6%
33 982 Menin
6%
27 341 Zottegem
6%
29 340 Aalter
5%
47 217 Beringen
5%
38 237 Brasschaat
5%
28 455 Herentals
5%
28 845 Iseghem
5%
31 565 Wevelgem
5%
32 455 Bilzen
4%
36 087 Everghem
4%
29 095 Harelbeke
4%
27 442 Kapellen
4%
34 157 Schoten
4%
30 635 Tamise
4%
27 436 Willebroek
4%
30 143 Brecht
3%
34 243 Heusden-Holder
3%
30 844 Houthalen-Helchteren
3%
33 601 Pelt
3%
Aucun quiz correspondant
Distribution des résultats
% des personnes avec chaque résultat
Percentile par nombre de réponses
Votre historique - résultats
Vous n’avez pas pris ce quiz